[Event "Berlin Eckbauer op 16th"]
[Site "Berlin"]
[Date "2013.11.18"]
[Round "7"]
[White "Wallmann, Bodo"]
[Black "Urbaniak, Andreas"]
[Result "1-0"]
[WhiteElo "1894"]
[BlackElo "1699"]
[PlyCount "99"]
[EventDate "2013.10.07"]
[EventType "swiss"]
[EventRounds "7"]
[EventCountry "GER"]
[SourceTitle "EXT 2022"]
[Source "ChessBase"]
[SourceDate "2021.10.06"]
[SourceVersion "1"]
[SourceVersionDate "2021.10.06"]
[SourceQuality "1"]

1. e4 c5 2. Nf3 Nc6 3. Bb5 d6 4. 0-0 Bd7 5. c3 e5 6. Re1 Nf6 7. Bf1 g6 8. d4 cxd4 9. cxd4 Bg7 10. Nc3 0-0 11. d5 Ne7 12. h3 a6 13. a4 Ne8 14. Qb3 Qc7 15. Be3 Nc8 16. Rec1 b6 17. Na2 Qb7 18. Nb4 Ne7 19. Nd3 Rb8 20. Nb4 Ra8 21. Rc2 a5 22. Na2 Rb8 23. Nc3 f5 24. Ng5 f4 25. Bd2 Nc7 26. Nb5 Bxb5 27. Bxb5 Nxb5 28. Qxb5 Rfc8 29. Rac1 Rc5 30. Rxc5 dxc5 31. Qc4 h6 32. d6+ Kh8 33. Nf7+ Kh7 34. Bc3 Nc6 35. Qe6 Nd4 36. Bxd4 exd4 37. d7 Qc7 38. Qe8 Bf6 39. e5 Bh4 40. Nd6 Bg5 41. Qf7+ Kh8 42. Qxg6 Rf8 43. Nf7+ Rxf7 44. Qxf7 f3 45. Re1 d3 46. Qf8+ Kh7 47. Qf5+ Kg7 48. Qxd3 fxg2 49. e6 Kf8 50. Qf3+ 1-0

[Event "Berlin Eckbauer op 16th"]
[Site "Berlin"]
[Date "2013.10.28"]
[Round "4"]
[White "Baer, Alexander"]
[Black "Urbaniak, Andreas"]
[Result "0-1"]
[WhiteElo "1223"]
[BlackElo "1699"]
[PlyCount "108"]
[EventDate "2013.10.07"]
[EventType "swiss"]
[EventRounds "7"]
[EventCountry "GER"]
[SourceTitle "EXT 2022"]
[Source "ChessBase"]
[SourceDate "2021.10.06"]
[SourceVersion "1"]
[SourceVersionDate "2021.10.06"]
[SourceQuality "1"]

1. d4 Nf6 2. Nf3 e6 3. g3 d5 4. Bg2 c5 5. c3 Nc6 6. 0-0 c4 7. b3 b5 8. bxc4 bxc4 9. Bf4 Bd6 10. Bxd6 Qxd6 11. Qc2 0-0 12. a4 Bd7 13. Nbd2 Na5 14. Ne5 Rab8 15. Nxd7 Nxd7 16. Rfb1 Rxb1+ 17. Rxb1 Rb8 18. e4 Rxb1+ 19. Nxb1 Nb6 20. exd5 exd5 21. Bf3 Qe6 22. Kf1 Nb3 23. Qa2 Nc1 24. Qc2 Nd3 25. Qe2 Qxe2+ 26. Kxe2 a5 27. Na3 Nxa4 28. Bxd5 Nxc3+ 29. Kd2 Nxd5 30. Nxc4 Nxf2 31. Nxa5 Kf8 32. Nc6 h5 33. Ne5 Ng4 34. Nxg4 hxg4 35. Kd3 f5 36. Ke2 Ke7 37. Kf2 Kd6 38. Kg2 Nc3 39. h3 Kd5 40. hxg4 fxg4 41. Kf2 Kxd4 42. Kg2 Ke4 43. Kf2 Nd1+ 44. Kg2 Ke3 45. Kg1 Kf3 46. Kh2 g6 47. Kh1 Kxg3 48. Kg1 Kf3 49. Kh2 Kf2 50. Kh1 Ne3 51. Kh2 g3+ 52. Kh3 g2 53. Kh4 g1Q 54. Kh3 Qg3# 0-1

[Event "Berlin Eckbauer op 16th"]
[Site "Berlin"]
[Date "2013.10.21"]
[Round "3"]
[White "Urbaniak, Andreas"]
[Black "Geist, Wolfgang"]
[Result "0-1"]
[WhiteElo "1699"]
[BlackElo "1534"]
[PlyCount "70"]
[EventDate "2013.10.07"]
[EventType "swiss"]
[EventRounds "7"]
[EventCountry "GER"]
[SourceTitle "EXT 2022"]
[Source "ChessBase"]
[SourceDate "2021.10.06"]
[SourceVersion "1"]
[SourceVersionDate "2021.10.06"]
[SourceQuality "1"]

1. f4 d5 2. Nf3 Nf6 3. e3 e6 4. Be2 Be7 5. 0-0 0-0 6. c4 c6 7. Nc3 Nbd7 8. b3 dxc4 9. Bxc4 Nb6 10. d3 Nbd5 11. Bxd5 Nxd5 12. Nxd5 exd5 13. Bb2 Qb6 14. d4 Re8 15. Qd3 g6 16. Qd2 Bf5 17. Ne5 f6 18. Nd3 Bd6 19. Rac1 Re7 20. Rfe1 Rae8 21. Nc5 Kf7 22. Qc3 a5 23. Ba3 Rd8 24. Na4 Qc7 25. Bxd6 Rxd6 26. Qc5 Rde6 27. Kf2 Be4 28. Nb6 f5 29. a3 Re8 30. Qxa5 Qe7 31. Qc5 Qh4+ 32. Kg1 Qg4 33. Rc2 Bxc2 34. Qxc2 Rxe3 35. Rxe3 Rxe3 0-1

[Event "Berlin-ch QT"]
[Site "Berlin"]
[Date "2013.03.30"]
[Round "1"]
[White "Kirchhof, Arno"]
[Black "Urbaniak, Andreas"]
[Result "1-0"]
[WhiteElo "2073"]
[BlackElo "1700"]
[PlyCount "83"]
[EventDate "2013.03.30"]
[EventType "swiss"]
[EventRounds "9"]
[EventCountry "GER"]
[SourceTitle "EXT 2023"]
[Source "ChessBase"]
[SourceDate "2022.10.05"]
[SourceVersion "1"]
[SourceVersionDate "2022.10.05"]
[SourceQuality "1"]

1. d4 Nf6 2. c4 e6 3. Nf3 c5 4. d5 d6 5. Nc3 Be7 6. e4 e5 7. Be2 0-0 8. 0-0 a6 9. h3 Bd7 10. Qc2 Qe8 11. a4 b6 12. Be3 a5 13. Nd2 Na6 14. f4 Nb4 15. Qd1 Qc8 16. fxe5 dxe5 17. Kh2 Ne8 18. Nf3 Qc7 19. Nb5 Bxb5 20. axb5 f5 21. g3 fxe4 22. Ng5 Rxf1 23. Bxf1 Bxg5 24. Bxg5 h6 25. Bd2 Qf7 26. Bc3 Qf2+ 27. Bg2 Nd3 28. Qg4 Nf6 29. Qe6+ Kh7 30. Rf1 Qe2 31. d6 Rf8 32. d7 Nxd7 33. Rxf8 Nxf8 34. Qf5+ Ng6 35. Qxe4 Qxe4 36. Bxe4 Nf2 37. Bf5 e4 38. Kg2 e3 39. Kf3 Nd1 40. Bxa5 Nxb2 41. Bxb6 Na4 42. Ba5 1-0

[Event "Berlin Lichtenberger op 11th"]
[Site "Berlin"]
[Date "2012.08.24"]
[Round "7"]
[White "Mahler, Sonja"]
[Black "Urbaniak, Andreas"]
[Result "0-1"]
[WhiteElo "1644"]
[BlackElo "1708"]
[PlyCount "80"]
[EventDate "2012.08.18"]
[EventType "swiss"]
[EventRounds "9"]
[EventCountry "GER"]
[SourceTitle "CBM 150 Extra"]
[Source "ChessBase"]
[SourceDate "2012.10.19"]
[SourceVersion "1"]
[SourceVersionDate "2012.10.19"]
[SourceQuality "1"]

1. d4 Nf6 2. Bf4 e6 3. e3 c5 4. c3 Nc6 5. a3 d5 6. Be2 cxd4 7. exd4 Bd6 8. Bg5 h6 9. Bh4 g5 10. Bg3 Ne4 11. Bh5 0-0 12. Qc1 Qc7 13. Ne2 f5 14. f4 Nxg3 15. hxg3 g4 16. Kf2 b6 17. Rh2 Rf6 18. Qh1 Qg7 19. Nd2 Ba6 20. Nf1 Na5 21. Rh4 Kh7 22. Re1 Bd3 23. Qh2 Nc4 24. Ra1 Be4 25. b3 Nxa3 26. Rc1 Rc8 27. Ne3 Nb1 28. Rh1 Bf8 29. b4 Nd2 30. Bxg4 fxg4 31. Nxg4 Rg6 32. Ne5 Rf6 33. g4 Nc4 34. g5 Qxg5 35. Rg4 Qf5 36. Ng3 Nxe5 37. dxe5 Qxg4 38. exf6 Qxf4+ 39. Ke2 Rxc3 40. Nxe4 Qxe4+ 0-1

[Event "Berlin Lichtenberger op 11th"]
[Site "Berlin"]
[Date "2012.08.21"]
[Round "4"]
[White "Urbaniak, Andreas"]
[Black "Schwedek, Tony"]
[Result "0-1"]
[WhiteElo "1708"]
[BlackElo "1862"]
[PlyCount "64"]
[EventDate "2012.08.18"]
[EventType "swiss"]
[EventRounds "9"]
[EventCountry "GER"]
[SourceTitle "CBM 150 Extra"]
[Source "ChessBase"]
[SourceDate "2012.10.19"]
[SourceVersion "1"]
[SourceVersionDate "2012.10.19"]
[SourceQuality "1"]

1. f4 d5 2. Nf3 g6 3. e3 Bg7 4. Be2 Nf6 5. Nc3 0-0 6. 0-0 c5 7. a4 Nc6 8. d4 Ne4 9. Nxe4 dxe4 10. Ne5 cxd4 11. exd4 Qxd4+ 12. Qxd4 Nxd4 13. Bd1 Nc6 14. Nxc6 bxc6 15. c3 Ba6 16. Re1 f5 17. Be2 Bxe2 18. Rxe2 Rfd8 19. Be3 Rd7 20. Rc1 Rad8 21. Rcc2 Kf7 22. Kf2 e5 23. g3 Ke6 24. fxe5 Bxe5 25. Bc5 a6 26. Bb6 Bc7 27. Bd4 Rb8 28. b4 Bb6 29. Bxb6 Rxb6 30. Rcd2 Rbb7 31. Ke3 Ke5 32. h3 g5 0-1

[Event "Berlin Lichtenberger op 11th"]
[Site "Berlin"]
[Date "2012.08.20"]
[Round "3"]
[White "Wege, Hermann"]
[Black "Urbaniak, Andreas"]
[Result "0-1"]
[WhiteElo "1912"]
[BlackElo "1708"]
[PlyCount "92"]
[EventDate "2012.08.18"]
[EventType "swiss"]
[EventRounds "9"]
[EventCountry "GER"]
[SourceTitle "CBM 150 Extra"]
[Source "ChessBase"]
[SourceDate "2012.10.19"]
[SourceVersion "1"]
[SourceVersionDate "2012.10.19"]
[SourceQuality "1"]

1. Nf3 Nc6 2. g3 e6 3. Bg2 d5 4. d3 b6 5. 0-0 Bb7 6. Nbd2 Bd6 7. Re1 Nge7 8. e4 dxe4 9. dxe4 Ng6 10. c3 0-0 11. a4 Nce5 12. Nxe5 Nxe5 13. Qe2 a5 14. b3 Ba6 15. c4 Bb4 16. Rd1 Qe7 17. f4 Bc3 18. Ra2 Nc6 19. Nf3 Rad8 20. Rc2 Rxd1+ 21. Qxd1 Rd8 22. Qe2 Qb4 23. Bb2 Qxb3 24. Rxc3 Qxa4 25. Qc2 Rd1+ 26. Kf2 Qxc2+ 27. Rxc2 Nb4 28. Ke2 Nxc2 29. Kxd1 Ne3+ 30. Ke2 Nxg2 31. Nd2 f5 32. Kf2 fxe4 33. Kxg2 e3 34. Nb1 Bxc4 35. Na3 e2 36. Kf2 Bd3 37. Bc3 c5 38. Ke3 Ba6 39. Nc2 a4 40. Bb2 Bc4 41. Kd2 b5 42. Be5 b4 43. Bd6 b3 44. Ne1 a3 45. Bxc5 b2 46. Kc2 Ba2 0-1

[Event "Berlin-ch qualification"]
[Site "Berlin-Lichtenrade"]
[Date "2011.04.23"]
[Round "1.16"]
[White "Urbaniak, Andreas"]
[Black "Schmidt, Juergen"]
[Result "0-1"]
[WhiteElo "1713"]
[BlackElo "2025"]
[PlyCount "66"]
[EventDate "2011.04.23"]
[EventType "swiss"]
[EventRounds "9"]
[EventCountry "GER"]
[SourceTitle "EXT 2022"]
[Source "ChessBase"]
[SourceDate "2021.10.06"]
[SourceVersion "1"]
[SourceVersionDate "2021.10.06"]
[SourceQuality "1"]

1. c4 e5 2. Nc3 Nf6 3. d3 Bc5 4. h3 0-0 5. Nf3 Nc6 6. e4 h6 7. Be2 d6 8. 0-0 Nd4 9. Be3 Nxf3+ 10. Bxf3 Bxe3 11. fxe3 Nh7 12. Qd2 c6 13. a3 Qg5 14. Kh2 Be6 15. Qf2 a6 16. a4 Rab8 17. b3 b5 18. axb5 axb5 19. Ra6 bxc4 20. bxc4 Rfc8 21. Ra7 Nf6 22. h4 Ng4+ 23. Bxg4 Qxg4 24. Ra3 Rf8 25. Qg3 Qh5 26. Kg1 Rb2 27. Rf2 Rxf2 28. Qxf2 f5 29. Qe1 f4 30. exf4 exf4 31. Ra2 f3 32. gxf3 Qxf3 33. Ra6 Rf6 0-1